|
|
|
|
| LEADER |
00000nam a22000007a 4500 |
| 005 |
20130809133135.0 |
| 007 |
cr|||| |||| |
| 008 |
130809s2010 mx |||||s|||| 00||0 spa d |
| 020 |
|
|
|a 978-607-402-281-0
|
| 035 |
|
|
|a 11445
|
| 040 |
|
|
|a vLex
|
| 090 |
|
|
|c 4469
|d 4469
|
| 100 |
1 |
|
|a Palacios Pm̀anes, Gerardo Sal︢
|
| 245 |
1 |
0 |
|a Criminologa̕ y Sociedad
|h [Recurso electrn̤ico] /
|c Gerardo Sal︢ Palacios Pm̀anes
|
| 256 |
|
|
|a Servicio en ln̕ea
|
| 260 |
|
|
|a Mx̌ico D.F:
|b Plaza y Valdš Editores,
|c 2010
|
| 300 |
|
|
|a 1 recurso electrn̤ico
|
| 506 |
1 |
|
|a Contenido solo disponible en los productos indicados
|d vLex Global
|d vLex Global (Academic Edition, excluding Law Schools)
|d vLex Global (U.S. Academic Edition, Law Schools)
|d vLex Global (U.S. Academic Edition, excluding Law Schools)
|d vLex Global (Academic Edition, Law Schools)
|
| 650 |
0 |
4 |
|a Criminologa̕
|z Mx̌ico
|
| 740 |
0 |
|
|a vLex Libros (Servicio en ln̕ea)
|
| 856 |
4 |
0 |
|u http://vlex.com/source/criminologia-sociedad-11445
|z Acceso restringido
|
| 942 |
|
|
|c BOOK
|
| 999 |
0 |
|
|a Criminology
|